[Event "DVM U12 2018"]
[Site "Magdeburg GER"]
[Date "2018.12.29"]
[Round "5"]
[White "Els, Henri"]
[Black "Funk, Benno"]
[Result "0-1"]
[Termination "normal"]
[Board "5.4"]
[WhiteElo "1323"]
[BlackElo "1145"]
[WhiteTeam "DJK Aufwärts St. Josef Aachen"]
[BlackTeam "SG 1882 Fürth"]
[PlyCount "128"]
[WhiteFideId "251798"]
[BlackFideId "16275144"]
[EventCountry "GER"]
[EventRounds "7"]
[EventType "team-swiss"]
[EventDate "2018.12.26"]

1. f4 e5 2. fxe5 d6 3. Nf3 Nc6 4. b3 dxe5 5. Bb2 Bd6 6. Nc3 Bg4 7. e3 Nf6 8.
Qe2 e4 9. O-O-O exf3 10. gxf3 Bh5 11. Bg2 a5 12. Rde1 O-O 13. Qb5 Rb8 14. Qg5
Bb4 15. Ne4 Bg6 16. Rd1 Nxe4 17. Qxd8 Rbxd8 18. fxe4 Rfe8 19. Rhg1 f6 20. h3
Bh5 21. Bxf6 gxf6 22. Bf3+ Bg6 23. h4 Kf7 24. d3 Ke7 25. Rg2 Bf7 26. Rg7 h6 27.
Bh5 Rf8 28. Rh7 Ke8 29. Be2 Rg8 30. Rxh6 Be7 31. Bh5 Bxh5 32. Rxh5 Kd7 33. Rf5
b6 34. d4 Rg3 35. Rd3 Rh8 36. Rf4 Ba3+ 37. Kd2 Rg2+ 38. Kc3 Be7 39. a4 Nb4 40.
Rd2 Na2+ 41. Kd3 Nc1+ 42. Kc3 Bb4+ 43. Kc4 Bxd2 44. Rxf6 Bxe3 45. Rf7+ Kc8 46.
Kb5 Bxd4 47. Ka6 Rg7 48. Rf5 Rxh4 49. Kb5 Rxe4 50. Kc6 Re6+ 51. Kb5 Re5+ 52.
Rxe5 Bxe5 53. Ka6 Rg2 54. Ka7 Rxc2 55. Ka8 Nxb3 56. Ka7 c5 57. Ka8 c4 58. Ka7
c3 59. Ka8 Rd2 60. Ka7 c2 61. Ka8 c1=Q 62. Ka7 Rh2 63. Ka8 Qc6+ 64. Ka7 Qb7#
0-1

[Event "DVM U12 2018"]
[Site "Magdeburg GER"]
[Date "2018.12.29"]
[Round "5"]
[White "Lenz, Joshua"]
[Black "Bungarten, Jona"]
[Result "1/2-1/2"]
[Termination "normal"]
[Board "6.1"]
[WhiteElo "1580"]
[BlackElo "1609"]
[WhiteTeam "SV Turm Lahnstein"]
[BlackTeam "SF Brackel"]
[PlyCount "64"]
[WhiteFideId "16256956"]
[BlackFideId "16223608"]
[EventCountry "GER"]
[EventRounds "7"]
[EventType "team-swiss"]
[EventDate "2018.12.26"]

1. e4 e5 2. Bc4 Nc6 3. Nf3 Nf6 4. d4 exd4 5. O-O Nxe4 6. Re1 d5 7. Bxd5 Qxd5 8.
Nc3 Qh5 9. Nxe4 Be7 10. Bg5 Be6 11. Bxe7 Nxe7 12. Qxd4 O-O 13. Neg5 Nc6 14. Qe4
Bg4 15. Re3 Bxf3 16. Nxf3 Rad8 17. h4 Qd5 18. Qg4 Nd4 19. Nxd4 Qxd4 20. Qxd4
Rxd4 21. Re7 Rxh4 22. Rxc7 Rb4 23. b3 g6 24. Rd1 a5 25. Rdd7 b5 26. Rd5 Rb8 27.
Rcc5 a4 28. c3 Re4 29. Rxb5 Rc8 30. Rbc5 Rb8 31. Rb5 Rc8 32. Rdc5 Rd8 {nicht
weiter nachvollziehbar} 1/2-1/2

[Event "DVM U12 2018"]
[Site "Magdeburg GER"]
[Date "2018.12.29"]
[Round "5"]
[White "Tomasjan, Samuel"]
[Black "Meuer, David"]
[Result "1-0"]
[Termination "normal"]
[Board "6.2"]
[WhiteElo "1435"]
[BlackElo "1618"]
[WhiteTeam "SF Brackel"]
[BlackTeam "SV Turm Lahnstein"]
[PlyCount "175"]
[WhiteFideId "16235584"]
[BlackFideId "16262964"]
[EventCountry "GER"]
[EventRounds "7"]
[EventType "team-swiss"]
[EventDate "2018.12.26"]

1. e4 e6 2. d4 d5 3. exd5 exd5 4. Bd3 Nf6 5. Nf3 Be7 6. O-O O-O 7. c3 Bg4 8.
Be3 Nbd7 9. Nbd2 h6 10. Qc2 Bxf3 11. Nxf3 Re8 12. Rfe1 Bd6 13. Re2 c6 14. Rae1
Qc7 15. h3 Bf4 16. Bf5 Nb6 17. b3 a5 18. Qd3 Rad8 19. Ne5 Bxe3 20. Rxe3 Rf8 21.
Ng4 Nxg4 22. Bxg4 Qd6 23. Re7 Rb8 24. Qf5 Qf6 25. Qxf6 gxf6 26. Bh5 a4 27. R1e3
axb3 28. axb3 Kg7 29. Rg3+ Kh8 30. Rxf7 Rxf7 31. Bxf7 Ra8 32. c4 dxc4 33. bxc4
Rd8 34. Rb3 Na4 35. Rxb7 Rxd4 36. Rc7 Rd6 37. Be8 Nb2 38. c5 Rd1+ 39. Kh2 Rd2
40. f3 Rc2 41. Rxc6 Kg7 42. Rc7+ Kf8 43. Bg6 Rc3 44. c6 Na4 45. Rf7+ Kg8 46. c7
Nb6 47. Rxf6 Nd5 48. Rd6 Nxc7 49. Be4 Nb5 50. Rxh6 Nd4 51. Rd6 Ne2 52. Rc6 Ra3
53. Re6 Nf4 54. Rf6 Ne2 55. h4 Nd4 56. h5 Ra5 57. g4 Ra2+ 58. Kh3 Ra1 59. Kh4
Rh1+ 60. Kg5 Ra1 61. Bd5+ Kh7 62. Rd6 Ra5 63. f4 Ne6+ 64. Rxe6 Rxd5+ 65. Re5
Rd6 66. f5 Kg7 67. Re6 Rd5 68. h6+ Kh8 69. Kg6 Rd8 70. Re7 Rg8+ 71. Kh5 Rf8 72.
Kg5 Rg8+ 73. Kf4 Ra8 74. g5 Rb8 75. g6 Rb4+ 76. Re4 Rb8 77. f6 Kg8 78. f7+ Kf8
79. Re8+ Rxe8 80. fxe8=Q+ Kxe8 81. h7 Ke7 82. h8=Q Ke6 83. g7 Kd6 84. g8=Q Kc6
85. Qd8 Kc5 86. Qc3+ Kb5 87. Qb8+ Ka6 88. Qa1# 1-0

[Event "DVM U12 2018"]
[Site "Magdeburg GER"]
[Date "2018.12.29"]
[Round "5"]
[White "Werling, Lasse"]
[Black "Römer, Alois"]
[Result "0-1"]
[Termination "normal"]
[Board "6.3"]
[WhiteElo "1180"]
[BlackElo "1444"]
[WhiteTeam "SV Turm Lahnstein"]
[BlackTeam "SF Brackel"]
[PlyCount "24"]
[WhiteFideId "16275080"]
[BlackFideId "16255607"]
[EventCountry "GER"]
[EventRounds "7"]
[EventType "team-swiss"]
[EventDate "2018.12.26"]

1. e4 e5 2. f4 exf4 3. d4 Qh4+ 4. Ke2 d6 5. Nf3 Qe7 6. e5 Bg4 7. Bxf4 Nc6 8.
Nc3 O-O-O 9. Qe1 Nxd4+ 10. Kd2 Bxf3 11. Kd3 dxe5 12. gxf3 Nxf3+ 0-1

[Event "DVM U12 2018"]
[Site "Magdeburg GER"]
[Date "2018.12.29"]
[Round "5"]
[White "Römer, Uri"]
[Black "Samtleben, Christian"]
[Result "1-0"]
[Termination "normal"]
[Board "6.4"]
[WhiteElo "1098"]
[BlackElo "1141"]
[WhiteTeam "SF Brackel"]
[BlackTeam "SV Turm Lahnstein"]
[PlyCount "117"]
[WhiteFideId "16275039"]
[BlackFideId "16275098"]
[EventCountry "GER"]
[EventRounds "7"]
[EventType "team-swiss"]
[EventDate "2018.12.26"]

1. e4 e6 2. d4 d5 3. exd5 exd5 4. Nf3 Nf6 5. Bg5 Be7 6. Nc3 Nc6 7. Bb5 Bd7 8.
O-O a6 9. Ba4 b5 10. Bb3 O-O 11. Re1 Re8 12. Bxf6 Bxf6 13. Nxd5 Bg4 14. Rxe8+
Qxe8 15. Nxc7 Qc8 16. Nxa8 Qxa8 17. c3 Ne7 18. d5 Ng6 19. Qe2 a5 20. a3 h6 21.
Re1 Bd7 22. Nd4 Nf4 23. Qe4 Qb8 24. Bc2 g6 25. Nc6 Qa8 26. Qxf4 Kg7 27. Qb8
Bxc6 28. Qxa8 Bxa8 29. d6 Bc6 30. Rd1 Bd7 31. b3 Bxc3 32. Rd5 Kf6 33. a4 Ke6
34. Rd3 b4 35. Bd1 Bc6 36. Bf3 Bd7 37. Bg4+ f5 38. Bf3 Be5 39. Rd5 g5 40. Rxa5
Bxd6 41. Ra8 g4 42. Be2 Bc6 43. Rh8 Bc7 44. Rxh6+ Kd7 45. Bb5 Bxb5 46. axb5 Bb8
47. Rf6 Kc7 48. Rxf5 Kb6 49. h4 gxh3 50. gxh3 Bd6 51. h4 Bc5 52. h5 Bd4 53. h6
Kc7 54. h7 Kb6 55. Rf8 Kxb5 56. h8=Q Bxh8 57. Rxh8 Kc5 58. Rd8 Kc6 59. Rd1 1-0

[Event "DVM U12 2018"]
[Site "Magdeburg GER"]
[Date "2018.12.29"]
[Round "5"]
[White "Schwartz, Oliver"]
[Black "Feng, Felix"]
[Result "1-0"]
[Termination "normal"]
[Board "7.1"]
[WhiteElo "1603"]
[BlackElo "1430"]
[WhiteTeam "SC Ostfildern"]
[BlackTeam "SF Neuberg"]
[PlyCount "71"]
[WhiteFideId "16207459"]
[BlackFideId "16275179"]
[EventCountry "GER"]
[EventRounds "7"]
[EventType "team-swiss"]
[EventDate "2018.12.26"]

1. e4 c5 2. Nf3 d6 3. d4 cxd4 4. Nxd4 Nf6 5. Nc3 g6 6. Be3 Bg7 7. Bc4 O-O 8.
Bb3 Nc6 9. f3 Bd7 10. Qd2 a6 11. O-O-O Rc8 12. Nxc6 Rxc6 13. Bh6 Qa5 14. h4
Rfc8 15. Kb1 Be6 16. Nd5 Qxd2 17. Nxe7+ Kf8 18. Bxg7+ Kxe7 19. Bxf6+ Kxf6 20.
Rxd2 Bxb3 21. axb3 Ke6 22. c3 R8c7 23. Rd5 Rc5 24. Rhd1 Rxd5 25. Rxd5 Rc5 26.
Rxc5 dxc5 27. Kc2 Ke5 28. g3 b5 29. Kd3 Kd6 30. b4 cxb4 31. cxb4 Ke5 32. f4+
Ke6 33. Kd4 Kd6 34. g4 f6 35. g5 fxg5 36. hxg5 1-0

[Event "DVM U12 2018"]
[Site "Magdeburg GER"]
[Date "2018.12.29"]
[Round "5"]
[White "Eull, Emil"]
[Black "Chugunov, Ivan"]
[Result "0-1"]
[Termination "normal"]
[Board "7.2"]
[WhiteElo "1526"]
[BlackElo "1359"]
[WhiteTeam "SF Neuberg"]
[BlackTeam "SC Ostfildern"]
[PlyCount "114"]
[WhiteFideId "16253809"]
[BlackFideId "16256808"]
[EventCountry "GER"]
[EventRounds "7"]
[EventType "team-swiss"]
[EventDate "2018.12.26"]

1. e4 c6 2. d4 d5 3. e5 c5 4. Bb5+ Bd7 5. Bxd7+ Qxd7 6. Ne2 Nc6 7. c3 e6 8. O-O
Nge7 9. Ng3 cxd4 10. cxd4 Nc8 11. Be3 Nb6 12. Nd2 Be7 13. Rc1 O-O 14. a3 Na5
15. Qg4 f6 16. Bh6 Rf7 17. Nh5 g6 18. Nf3 f5 19. Qg3 Kh8 20. Nf4 Bf8 21. Bxf8
Raxf8 22. Qh4 Rg7 23. Ng5 Re8 24. Nf3 Qe7 25. Qxe7 Rexe7 26. Ng5 Rg8 27. Ngxe6
g5 28. Nxd5 Nxd5 29. Nxg5 Rxg5 30. Rc5 Nf4 31. Rxa5 a6 32. Kh1 Rxg2 33. e6 Rg5
34. d5 Rg8 35. Rg1 Rxg1+ 36. Kxg1 Kg7 37. f3 Kf6 38. Kf1 Re8 39. b4 Rd8 40. e7
Kxe7 41. d6+ Ke6 42. b5 Rxd6 43. bxa6 Rxa6 44. Rxa6+ bxa6 45. Kf2 Nd3+ 46. Ke3
Nb2 47. Kd4 Kd6 48. f4 Nd1 49. a4 a5 50. Kc4 Nb2+ 51. Kb5 Nxa4 52. Kxa4 Kd5 53.
Kb5 Ke4 54. Kc4 Kxf4 55. Kd3 Kf3 56. h4 f4 57. Kd2 Kg2 1-0

[Event "DVM U12 2018"]
[Site "Magdeburg GER"]
[Date "2018.12.29"]
[Round "5"]
[White "Walter, Romeo"]
[Black "Kaiser, Jason"]
[Result "0-1"]
[Termination "normal"]
[Board "7.3"]
[WhiteElo "1268"]
[BlackElo "1254"]
[WhiteTeam "SC Ostfildern"]
[BlackTeam "SF Neuberg"]
[PlyCount "148"]
[WhiteFideId "16275055"]
[BlackFideId "16275187"]
[EventCountry "GER"]
[EventRounds "7"]
[EventType "team-swiss"]
[EventDate "2018.12.26"]

1. e4 d5 2. exd5 Qxd5 3. Nc3 Qa5 4. d4 c6 5. Nf3 Nf6 6. Bc4 Bf5 7. Bd2 e6 8.
Qe2 Bb4 9. O-O-O Nbd7 10. a3 Bxc3 11. Bxc3 Qb6 12. h3 Ne4 13. Qe3 Nxc3 14. Qxc3
O-O-O 15. b4 Nf6 16. Ng5 Rd7 17. g4 Bg6 18. Rhe1 Rhd8 19. a4 Rxd4 20. Rxd4 Qxd4
21. Re3 Qxc3 22. Rxc3 h6 23. Nf3 Ne4 24. Rb3 Nxf2 25. Ne5 Rd4 26. Bxe6+ fxe6
27. Nxg6 Kc7 28. Rf3 Ne4 29. Rf7+ Rd7 30. Rf4 Ng5 31. Nf8 Nxh3 32. Nxd7 Nxf4
33. Nc5 b6 34. Ne4 Nd5 35. c3 Nf6 36. Nf2 Kd6 37. Kc2 Ke5 38. c4 Kf4 39. Nd3+
Ke4 40. c5 Nd5 41. cxb6 axb6 42. a5 bxa5 43. Nc5+ Ke5 44. bxa5 Kd6 45. Na6 Ne3+
46. Kd3 Nxg4 47. Nb4 Ne5+ 48. Kc3 c5 49. Nc2 Nc6 50. a6 Kc7 51. Kc4 Kb6 52. Ne3
Ne5+ 53. Kc3 Kxa6 54. Kc2 Kb5 55. Kb3 h5 56. Ng2 g5 57. Kc3 h4 58. Ne3 h3 59.
Nf1 g4 60. Kd2 Nf3+ 61. Ke3 h2 62. Ng3 c4 63. Ke2 Kb4 64. Kd1 Kb3 65. Kc1 e5
66. Kb1 e4 67. Kc1 e3 68. Kd1 Kb2 69. Ke2 c3 70. Nh1 c2 71. Nf2 h1=Q 72. Nd3+
Kc3 73. Kxe3 Qg1+ 74. Ke2 Nd4# 0-1

[Event "DVM U12 2018"]
[Site "Magdeburg GER"]
[Date "2018.12.29"]
[Round "5"]
[White "Ruppel, Felix"]
[Black "Zimanovic, Leon Daniel"]
[Result "1/2-1/2"]
[Termination "normal"]
[Board "7.4"]
[WhiteElo "1004"]
[BlackElo "1173"]
[WhiteTeam "SF Neuberg"]
[BlackTeam "SC Ostfildern"]
[PlyCount "93"]
[WhiteFideId "16275195"]
[BlackFideId "16275063"]
[EventCountry "GER"]
[EventRounds "7"]
[EventType "team-swiss"]
[EventDate "2018.12.26"]

1. e4 e5 2. Nf3 Nc6 3. Bc4 Bc5 4. c3 Nf6 5. d3 d6 6. a4 a6 7. h3 h6 8. O-O O-O
9. Be3 Bb6 10. Bxb6 cxb6 11. Nbd2 Be6 12. Re1 Nh5 13. d4 Bxc4 14. Nxc4 f6 15.
Qb3 d5 16. Nxb6 Rb8 17. Qxd5+ Rf7 18. Qxd8+ Rxd8 19. dxe5 fxe5 20. Red1 Re8 21.
b4 Rf4 22. b5 Nb8 23. bxa6 Nxa6 24. Re1 Nf6 25. Nd2 Rd8 26. g3 Rxf2 27. Kxf2
Rxd2+ 28. Ke3 Rc2 29. Kd3 Rf2 30. Nd5 Nc5+ 31. Ke3 Nfxe4 32. Rf1 Rd2 33. c4
Rd3+ 34. Ke2 Nxg3+ 35. Ke1 Nxf1 36. Kxf1 Rxh3 37. a5 g5 38. Kg2 Rh4 39. Ne3 Kf7
40. Kg3 Kg6 41. Ng2 Rxc4 42. Re1 Nd3 43. Ne3 Ra4 44. Rd1 Nf4 45. Rd6+ Kh7 46.
Rd7+ Kg6 47. Rxb7 1/2-1/2

[Event "DVM U12 2018"]
[Site "Magdeburg GER"]
[Date "2018.12.29"]
[Round "5"]
[White "Kageler, Anton Paul"]
[Black "Fischer, Darja"]
[Result "1/2-1/2"]
[Termination "normal"]
[Board "8.1"]
[WhiteElo "1480"]
[BlackElo "1442"]
[WhiteTeam "SV Roter Turm Halle"]
[BlackTeam "Karlsruher SF"]
[PlyCount "46"]
[WhiteFideId "16244850"]
[BlackFideId "16240898"]
[EventCountry "GER"]
[EventRounds "7"]
[EventType "team-swiss"]
[EventDate "2018.12.26"]

1. e4 c6 2. c4 d5 3. exd5 cxd5 4. cxd5 Nf6 5. Qa4+ Nbd7 6. Nc3 a6 7. Nf3 Rb8 8.
d4 b5 9. Qb3 Bb7 10. Bf4 Ra8 11. Ne5 Nxe5 12. dxe5 Nxd5 13. Rd1 e6 14. Bc4 Qa5
15. Bd2 Nxc3 16. Bxc3 Qc7 17. Bxe6 fxe6 18. Qxe6+ Qe7 19. Qg4 Bc8 20. Qe4 Bb7
21. Qg4 Bc8 22. Qe4 Bb7 23. Qg4 Bc8 1/2-1/2

[Event "DVM U12 2018"]
[Site "Magdeburg GER"]
[Date "2018.12.29"]
[Round "5"]
[White "Kiefhaber, Julius"]
[Black "Derling, Charlotte"]
[Result "0-1"]
[Termination "normal"]
[Board "8.2"]
[WhiteElo "1417"]
[BlackElo "1399"]
[WhiteTeam "Karlsruher SF"]
[BlackTeam "SV Roter Turm Halle"]
[PlyCount "146"]
[WhiteFideId "16245121"]
[BlackFideId "16222237"]
[EventCountry "GER"]
[EventRounds "7"]
[EventType "team-swiss"]
[EventDate "2018.12.26"]

1. e4 c5 2. Nf3 Nc6 3. d4 cxd4 4. Nxd4 Nf6 5. Nc3 d6 6. Be3 g6 7. f3 Bg7 8. Qd2
Bd7 9. Nxc6 bxc6 10. h4 a5 11. Bc4 Qc8 12. Bb3 Be6 13. Ba4 Bd7 14. O-O-O Qb7
15. Bb3 c5 16. Nd5 Nxd5 17. Qxd5 Qxd5 18. exd5 Rb8 19. c3 a4 20. Bc4 a3 21. Rd2
O-O 22. h5 axb2+ 23. Rxb2 Bxc3 24. Rb3 Rxb3 25. axb3 Bf5 26. g4 Bd7 27. Kc2 Bh8
28. h6 f5 29. Bxc5 dxc5 30. Re1 Rc8 31. d6+ e6 32. gxf5 gxf5 33. Rg1+ Kf7 34.
Rg5 Kf6 35. Rg1 Bc6 36. f4 Bd5 37. Bb5 Rd8 38. d7 Ke7 39. Rg3 e5 40. fxe5 Bxe5
41. Re3 Be4+ 42. Kd1 Bf4 43. Rc3 Bd6 44. b4 Rb8 45. bxc5 Rxb5 46. cxd6+ Kxd7
47. Rc7+ Kxd6 48. Rxh7 Rb1+ 49. Kd2 Rh1 50. Rh8 Ke7 51. h7 Kf7 52. Rc8 Kg6 53.
Rc3 Rh2+ 54. Ke3 Rxh7 55. Kf4 Rh4+ 56. Kg3 Kg5 57. Rc5 Rg4+ 58. Kf2 Rg2+ 59.
Kf1 Rd2 60. Ke1 Rd5 61. Rc3 f4 62. Ke2 f3+ 63. Ke1 Kf4 64. Rc4 Ke3 65. Rc3+ Rd3
66. Rc1 f2+ 67. Kf1 Bf5 68. Kg2 Ke2 69. Rc2+ Ke1 70. Rxf2 Bh3+ 71. Kh1 Kxf2 72.
Kh2 Be6 73. Kh1 Rh3# 0-1

[Event "DVM U12 2018"]
[Site "Magdeburg GER"]
[Date "2018.12.29"]
[Round "5"]
[White "Adelmeyer, Nelly"]
[Black "Hoffmann, Alexander"]
[Result "0-1"]
[Termination "normal"]
[Board "8.3"]
[WhiteElo "1475"]
[BlackElo "1392"]
[WhiteTeam "SV Roter Turm Halle"]
[BlackTeam "Karlsruher SF"]
[PlyCount "102"]
[WhiteFideId "16203577"]
[BlackFideId "16240219"]
[EventCountry "GER"]
[EventRounds "7"]
[EventType "team-swiss"]
[EventDate "2018.12.26"]

1. e4 e5 2. Nf3 Nc6 3. d4 exd4 4. Nxd4 Bc5 5. Be3 Qf6 6. c3 Nge7 7. Be2 O-O 8.
O-O Bd6 9. Nd2 Ng6 10. Nb5 Be5 11. Nc4 a6 12. Nd4 b5 13. Nxe5 Qxe5 14. Nxc6
dxc6 15. f3 Nf4 16. Bxf4 Qxf4 17. c4 Be6 18. Qc2 Rfd8 19. Rfd1 Qe5 20. Rac1
Rxd1+ 21. Rxd1 bxc4 22. Rc1 Rb8 23. Bxc4 Rxb2 24. Qd1 g6 25. Bxa6 Rxa2 26. Bb7
Qb2 27. Qf1 Qxb7 28. Rb1 Qa7+ 29. Kh1 Qf2 30. Qxf2 Rxf2 31. Rc1 Bd7 32. Kg1 Rb2
33. Rd1 Be6 34. Rc1 Rb6 35. Kf2 Kf8 36. Kg3 Bd7 37. Rd1 Ke7 38. Ra1 c5 39. Rc1
Rc6 40. Kf4 f6 41. g4 c4 42. h3 c3 43. Ke3 c2 44. Kd2 Rd6+ 45. Ke2 Ba4 46. Ke3
Rd1 47. Rxd1 cxd1=Q 48. Kf2 Qd3 49. Kg3 Qe3 50. Kg2 Bd1 51. Kh2 Qf2+ 0-1

[Event "DVM U12 2018"]
[Site "Magdeburg GER"]
[Date "2018.12.29"]
[Round "5"]
[White "Liu, Leon"]
[Black "Fiedler, Ian Fynn"]
[Result "0-1"]
[Termination "normal"]
[Board "8.4"]
[WhiteElo "1095"]
[BlackElo "1208"]
[WhiteTeam "Karlsruher SF"]
[BlackTeam "SV Roter Turm Halle"]
[PlyCount "129"]
[WhiteFideId "16275047"]
[BlackFideId "16275012"]
[EventCountry "GER"]
[EventRounds "7"]
[EventType "team-swiss"]
[EventDate "2018.12.26"]

1. e4 c5 2. Nf3 d6 3. d4 cxd4 4. Nxd4 Nf6 5. Nc3 Nc6 6. Be3 e5 7. Nxc6 bxc6 8.
Bc4 Be7 9. f3 Bb7 10. Bg5 d5 11. Bxf6 Bxf6 12. exd5 cxd5 13. Nxd5 Bxd5 14. Bxd5
Rb8 15. Rb1 O-O 16. O-O Rb5 17. c4 Qb6+ 18. Rf2 Rc5 19. b3 Ra5 20. a4 Rc5 21.
b4 Rcc8 22. a5 Qb8 23. b5 Bd8 24. Qe1 Be7 25. Re2 Bf6 26. b6 axb6 27. Rxb6 Qc7
28. Qg3 Qe7 29. Re4 Rb8 30. Rg4 Rxb6 31. axb6 Qc5+ 32. Qf2 Qb4 33. h3 Rb8 34.
c5 Qb5 35. Bc4 Qc6 36. Bd3 Be7 37. Be4 Qxc5 38. Qxc5 Bxc5+ 39. Kh2 Rxb6 40. Rg5
h6 41. Rxe5 Bd6 42. f4 Bxe5 43. fxe5 Re6 44. g4 Rxe5 45. Bf5 h5 46. Kg3 hxg4
47. hxg4 g6 48. Kf4 gxf5 49. Kxe5 fxg4 50. Kf4 f5 51. Kg3 Kg7 52. Kh4 Kg6 53.
Kg3 Kg5 54. Kf2 Kh4 55. Kg2 f4 56. Kh2 g3+ 57. Kg2 Kg4 58. Kf1 Kh3 59. Kg1 f3
60. Kh1 g2+ 61. Kg1 f2+ 62. Kxf2 Kh2 63. Ke3 g1=Q+ 64. Ke4 Kg3 65. Kd5 0-1

[Event "DVM U12 2018"]
[Site "Magdeburg GER"]
[Date "2018.12.29"]
[Round "5"]
[White "Öz, Mert"]
[Black "Hecker, Linus Maximin"]
[Result "1-0"]
[Termination "normal"]
[Board "9.1"]
[WhiteElo "1311"]
[BlackElo "1388"]
[WhiteTeam "SK Bebenhausen"]
[BlackTeam "Düsseldorfer SV"]
[PlyCount "33"]
[WhiteFideId "16255704"]
[BlackFideId "16275152"]
[EventCountry "GER"]
[EventRounds "7"]
[EventType "team-swiss"]
[EventDate "2018.12.26"]

1. e4 e5 2. Nf3 Nc6 3. d4 exd4 4. Nxd4 Bc5 5. Nb3 Bb6 6. Nc3 Nf6 7. Bg5 h6 8.
Bh4 d6 9. Qe2 Bd7 10. O-O-O g5 11. Bg3 O-O 12. h4 Nh5 13. Qxh5 Qf6 14. hxg5
Qxg5+ 15. Qxg5+ hxg5 16. Nd5 Rac8 17. Nf6+ 1-0

[Event "DVM U12 2018"]
[Site "Magdeburg GER"]
[Date "2018.12.29"]
[Round "5"]
[White "Hörhager-Celjo, Dino"]
[Black "Andrei, Quentin"]
[Result "1-0"]
[Termination "normal"]
[Board "9.2"]
[WhiteElo "1307"]
[BlackElo "1219"]
[WhiteTeam "Düsseldorfer SV"]
[BlackTeam "SK Bebenhausen"]
[PlyCount "155"]
[WhiteFideId "16253035"]
[BlackFideId "16255712"]
[EventCountry "GER"]
[EventRounds "7"]
[EventType "team-swiss"]
[EventDate "2018.12.26"]

1. e4 e6 2. d4 d5 3. e5 c5 4. c3 Nc6 5. Nf3 Qb6 6. a3 c4 7. Nbd2 f6 8. Rb1 fxe5
9. Nxe5 Nxe5 10. dxe5 Qc7 11. Nf3 Ne7 12. Bf4 Nc6 13. Nd4 Nxd4 14. cxd4 b5 15.
Rc1 Be7 16. Qh5+ Kd7 17. Bg5 Qd8 18. Qf7 Rf8 19. Qxg7 Rg8 20. Qxe7+ Qxe7 21.
Bxe7 Kxe7 22. g3 Bd7 23. Bg2 Rac8 24. O-O Be8 25. f4 Bg6 26. Bh3 Rgf8 27. g4 h5
28. gxh5 Bxh5 29. f5 exf5 30. Bxf5 Rg8+ 31. Kh1 Rcf8 32. Rc2 Rg5 33. Rcf2 Bg6
34. Bxg6 Rxf2 35. Rxf2 Rxg6 36. Rg2 Ra6 37. h4 Rh6 38. Rg4 a5 39. Kg2 b4 40. a4
c3 41. bxc3 bxc3 42. Kh3 Rc6 43. Rg1 c2 44. Rc1 Rc3+ 45. Kg4 Rc4 46. Kg5 Rxd4
47. Rxc2 Re4 48. Rc5 Rxe5+ 49. Kf4 Re4+ 50. Kg5 Re5+ 51. Kg6 Re6+ 52. Kf5 Rd6
53. Rxa5 d4 54. Re5+ Kf7 55. Re1 d3 56. h5 d2 57. Rd1 Rd5+ 58. Kg4 Rd4+ 59. Kg5
Rxa4 60. Rxd2 Ra5+ 61. Kh6 Ra6+ 62. Kh7 Kf6 63. Rg2 Ra7+ 64. Kh6 Ra8 65. Rg6+
Kf7 66. Rg7+ Kf8 67. Kh7 Ra6 68. h6 Rf6 69. Rg5 Rd6 70. Rf5+ Ke8 71. Kg7 Rd7+
72. Kg8 Rd2 73. Rg5 Ke7 74. h7 Kf6 75. h8=Q+ Kxg5 76. Qe5+ Kg4 77. Qe4+ Kg5 78.
Qe3+ 1-0

[Event "DVM U12 2018"]
[Site "Magdeburg GER"]
[Date "2018.12.29"]
[Round "5"]
[White "Weide, Julian"]
[Black "Voicu, Mihai"]
[Result "1-0"]
[Termination "normal"]
[Board "9.3"]
[WhiteElo "1301"]
[BlackElo "1274"]
[WhiteTeam "SK Bebenhausen"]
[BlackTeam "Düsseldorfer SV"]
[PlyCount "31"]
[WhiteFideId "16275209"]
[BlackFideId "16238168"]
[EventCountry "GER"]
[EventRounds "7"]
[EventType "team-swiss"]
[EventDate "2018.12.26"]

1. e4 c5 2. d4 cxd4 3. c3 dxc3 4. Nxc3 e6 5. Nf3 Nc6 6. Bc4 a6 7. O-O Bd6 8.
Qxd6 b5 9. Bb3 Bb7 10. Bg5 f6 11. Bh4 Nge7 12. Rad1 O-O 13. Qc5 Rc8 14. Bxe6+
Kh8 15. Rxd7 Ne5 16. Rxd8 1-0

[Event "DVM U12 2018"]
[Site "Magdeburg GER"]
[Date "2018.12.29"]
[Round "5"]
[White "Kovalenko, David"]
[Black "Kauth, Lukas Michael"]
[Result "0-1"]
[Termination "normal"]
[Board "9.4"]
[WhiteElo "1246"]
[BlackElo "855"]
[WhiteTeam "Düsseldorfer SV"]
[BlackTeam "SK Bebenhausen"]
[PlyCount "104"]
[WhiteFideId "16275160"]
[BlackFideId "16272994"]
[EventCountry "GER"]
[EventRounds "7"]
[EventType "team-swiss"]
[EventDate "2018.12.26"]

1. d4 Nf6 2. c4 e6 3. Nc3 b6 4. Nf3 Bb7 5. Bg5 h6 6. Bd2 Bb4 7. e3 c5 8. a3 Ba5
9. Bd3 O-O 10. O-O d5 11. Re1 cxd4 12. exd4 Bxc3 13. Bxc3 Re8 14. Ne5 Nbd7 15.
Qc2 a5 16. Re3 dxc4 17. Nxc4 Rc8 18. Nd6 Nd5 19. Bh7+ Kf8 20. Rf3 N5f6 21. d5
Bxd5 22. Rxf6 Nxf6 23. Nxc8 Qxc8 24. Bd3 Bc4 25. Bxc4 Qxc4 26. Qd2 Ne4 27. Qe3
Nxc3 28. Qxc3 Qxc3 29. bxc3 Rc8 30. Rc1 f5 31. a4 g5 32. f3 Kf7 33. Kf2 Kf6 34.
Ke3 f4+ 35. Ke4 Rc4+ 36. Kd3 Rxa4 37. Rb1 h5 38. Rxb6 Ra1 39. Rb2 a4 40. Kc2
Ke5 41. Rb1 Ra2+ 42. Rb2 Rxb2+ 43. Kxb2 Kd5 44. Ka3 Kc4 45. Kb2 e5 46. Ka3 g4
47. Kxa4 gxf3 48. gxf3 e4 49. fxe4 f3 50. e5 f2 51. e6 f1=Q 52. e7 Qa1# 0-1

[Event "DVM U12 2018"]
[Site "Magdeburg GER"]
[Date "2018.12.29"]
[Round "5"]
[White "Mainka, Ingmar"]
[Black "Buschmann, Mark"]
[Result "1-0"]
[Termination "normal"]
[Board "10.1"]
[WhiteElo "1190"]
[BlackElo "1351"]
[WhiteTeam "DJK Arminia Eilendorf"]
[BlackTeam "Muldental Wilkau-Haßlau"]
[PlyCount "91"]
[WhiteFideId "16254937"]
[BlackFideId "16275217"]
[EventCountry "GER"]
[EventRounds "7"]
[EventType "team-swiss"]
[EventDate "2018.12.26"]

1. e4 c5 2. Nf3 Nc6 3. d4 cxd4 4. Nxd4 Nf6 5. Nc3 e5 6. Ndb5 d6 7. Be3 a6 8.
Na3 b5 9. Nd5 Nxd5 10. Qxd5 Bb7 11. Be2 Be7 12. O-O O-O 13. c4 bxc4 14. Nxc4
Rb8 15. Qd2 f5 16. exf5 d5 17. Na3 d4 18. Bh6 gxh6 19. Qxh6 Rf6 20. Bc4+ Kh8
21. Qh5 Na5 22. Be2 Qg8 23. f3 Bc8 24. Bd3 Rxb2 25. Nc2 Rbb6 26. Rfe1 Rh6 27.
Qg4 Bd6 28. h3 Qe8 29. Nxd4 Bc5 30. Rac1 Qa4 31. Rxc5 Bb7 32. Rcxe5 Bc6 33.
Nxc6 Qxg4 34. fxg4 Rbxc6 35. Rxa5 Rcd6 36. Bc4 Rd2 37. Re8+ Kg7 38. Rg8+ Kf6
39. Rxa6+ Ke5 40. Rxh6 Kd4 41. Rd8+ Ke3 42. Re6+ Kf4 43. Rxd2 h5 44. Rd4+ Kg3
45. Re7 h4 46. Re3# 1-0

[Event "DVM U12 2018"]
[Site "Magdeburg GER"]
[Date "2018.12.29"]
[Round "5"]
[White "Helmer, Teo"]
[Black "Korr, Sören"]
[Result "1-0"]
[Termination "normal"]
[Board "10.2"]
[WhiteElo "1323"]
[BlackElo "1143"]
[WhiteTeam "Muldental Wilkau-Haßlau"]
[BlackTeam "DJK Arminia Eilendorf"]
[PlyCount "59"]
[WhiteFideId "16275225"]
[BlackFideId "16275241"]
[EventCountry "GER"]
[EventRounds "7"]
[EventType "team-swiss"]
[EventDate "2018.12.26"]

1. e4 e5 2. Nf3 Nc6 3. Bc4 Bc5 4. Nc3 Nf6 5. O-O O-O 6. a3 d6 7. Na4 Bb6 8.
Nxb6 axb6 9. d3 Bg4 10. h3 Bh5 11. Be3 Qd7 12. Qe2 Rad8 13. c3 Rfe8 14. Bg5 Qe7
15. g4 h6 16. Bxf6 Qxf6 17. gxh5 Kh8 18. Qe3 Rg8 19. Kh2 Ne7 20. Rg1 Kh7 21.
Rg2 g6 22. hxg6+ Nxg6 23. Rag1 Rg7 24. Rg4 Rdg8 25. R1g3 Rf8 26. Bd5 c6 27. Ba2
Qd8 28. Nh4 Rfg8 29. Nf5 b5 30. Qxh6# 1-0